Entrepreneurship an economic perspectiv

Gespeichert in:
Bibliographische Detailangaben
1. Verfasser: Lahti, Arto
Format: Buch
Sprache:Englisch
Veröffentlicht: Helsinky School of Economics 1986
Ausgabe:1. ed.
Tags: Tag hinzufügen
Keine Tags, Fügen Sie das erste Tag hinzu!

MARC

LEADER 00000nam a2200000 4500
001 c032051
005 20221220071454.8
041 0 |a eng 
044 |a FI 
245 1 0 |a Entrepreneurship an economic perspectiv  |c Arto Lahti 
250 |a 1. ed. 
264 1 |a Helsinky  |b School of Economics  |c 1986 
300 |a 160 s. 
100 1 |a Lahti, Arto